| 000 | 00374nam a2200145 i 4500 | ||
|---|---|---|---|
| 001 | bg | ||
| 100 | 1 | _aCHRUSZCZEW, W. W. | |
| 245 | 0 |
_aElektromaszynowe elementy automatyki : _bteoria i obliczanie / _cW.W. Chruszczew. |
|
| 260 |
_aWarszawa, _c1973. |
||
| 040 | _cBPK | ||
| 041 | _apol | ||
| 080 | _a621.313:62-5 | ||
| 942 | _cKS | ||
| 008 | s pl f |000 0 pol | ||
| 999 |
_c26474 _d26474 |
||
| 856 |
_uhttp://koha.tu.koszalin.pl/cgi-bin/koha/opac-detail.pl?biblionumber=26474 _yKatalog online BPK |
||